The origins of the English novel, 1600-1740 / (Record no. 21968)
[ view plain ]
| 000 -LEADER | |
|---|---|
| fixed length control field | 03943cam a22003855i 4500 |
| 001 - CONTROL NUMBER | |
| control field | 12645459 |
| 003 - CONTROL NUMBER IDENTIFIER | |
| control field | EG-ScBUE |
| 005 - DATE AND TIME OF LATEST TRANSACTION | |
| control field | 20200305125608.0 |
| 008 - FIXED-LENGTH DATA ELEMENTS--GENERAL INFORMATION | |
| fixed length control field | 020115t20021987mdu frb 001 0 eng d |
| 020 ## - INTERNATIONAL STANDARD BOOK NUMBER | |
| International Standard Book Number | 0801869595 |
| 020 ## - INTERNATIONAL STANDARD BOOK NUMBER | |
| International Standard Book Number | 9780801869594 |
| 035 ## - SYSTEM CONTROL NUMBER | |
| System control number | (OCoLC)ocm48876538 |
| 040 ## - CATALOGING SOURCE | |
| Original cataloging agency | DLC |
| Language of cataloging | eng |
| Description conventions | rda |
| Transcribing agency | DLC |
| Modifying agency | EG-ScBUE |
| -- | EG-ScBUE |
| 043 ## - GEOGRAPHIC AREA CODE | |
| Geographic area code | e-uk--- |
| 082 04 - DEWEY DECIMAL CLASSIFICATION NUMBER | |
| Classification number | 823.009 |
| Item number | MCK |
| Edition number | 22 |
| 100 1# - MAIN ENTRY--PERSONAL NAME | |
| Personal name | McKeon, Michael, |
| Dates associated with a name | 1943- |
| Relator term | author. |
| 9 (RLIN) | 40339 |
| 245 14 - TITLE STATEMENT | |
| Title | The origins of the English novel, 1600-1740 / |
| Statement of responsibility, etc | Michael McKeon ; with a new introduction by the author. |
| 250 ## - EDITION STATEMENT | |
| Edition statement | Fifteenth anniversary edition. |
| 264 #1 - PUBLICATION, DISTRIBUTION, ETC. (IMPRINT) | |
| Place of publication, distribution, etc | Baltimore, Maryland : |
| Name of publisher, distributor, etc | The Johns Hopkins University Press, |
| Date of publication, distribution, etc | [2002] |
| 264 #4 - PUBLICATION, DISTRIBUTION, ETC. (IMPRINT) | |
| Date of publication, distribution, etc | c2002 |
| 300 ## - PHYSICAL DESCRIPTION | |
| Extent | xxix, 529 pages ; |
| Dimensions | 24 cm |
| 336 ## - CONTENT TYPE | |
| Content type term | text |
| Content type code | txt |
| Source | rdacontent |
| 337 ## - MEDIA TYPE | |
| Media type term | unmediated |
| Media type code | n |
| Source | rdamedia |
| 338 ## - CARRIER TYPE | |
| Carrier type term | volume |
| Carrier type code | nc |
| Source | rdacarrier |
| 500 ## - GENERAL NOTE | |
| General note | Originally published, 1987. |
| 504 ## - BIBLIOGRAPHY, ETC. NOTE | |
| Bibliography, etc | Includes bibliographical references and index. |
| 505 0# - FORMATTED CONTENTS NOTE | |
| Formatted contents note | Introduction: dialectical method in literary history -- pt. 1. Questions of Truth: Chapter one,The destabilization of generic categories: "Romance" as a simple abstraction -- Precursor revolutions: the Greek Enlightenment -- Precursor revolutions: the twelfth-century renaissance -- Historicism and the historical revolution -- The claim to historicity -- Naive Empiricism and extreme skepticism -- Romance, antiromance, true history --<br/>Chapter Two,The evidence of the senses: secularization and epistemological crisis: The contradictory unity of the new philosophy -- "Natural history" as a narrative model -- "Religion versus science" and the problem of mediation -- The literalizing of revelation -- Apparition narratives -- Chapter Three, Histories of the individual: From saint's life to spiritual biography -- From picaresque to criminal biography -- From Christian pilgrimmage to scientific travel -- The empirical style becomes problematic --<br/>The emergence of extreme skepticism -- Toward realism, the aesthetic, and human creativity -- Pt. 2. Questions of virtue: Chapter Four, The destabilization of social categories: Aristocratic ideology -- Precursor revolutions: the Greek Enlightenment -- Precursor revolutions: the twelfth-century renaissance -- Progressive ideology and the transvaluation of honor -- The rise of the gentry -- From status to class --<br/>The persistence of the aristocracy -- The formation of conservative ideology -- Understanding status inconsistency -- Chapter Five, Absolutism and capitalist ideology: the volatility of reform: The absolute prince absolutized -- Sword and robe --<br/>Protestants and capitalists -- Evaluating human appetites --<br/>Progressive ideology and conservative ideology -- Chapter Six, Stories of virtue: Novelistic narrative as historical explanation --<br/>Historical models for progressive narratives -- Historical models for conservative narratives -- Ideological implications of generic models -- The gendering of ideology -- The conflation of truth and virtue -- pt. 3. The dialectical constitution of the novel: Chapter 7 Romance transformations (I): Cervantes and the disenchantment of the world -- Chapter 8 Romance transformations (II): Bunyan and the literalization of allegory --<br/>Chapter 9 Parables of the younger son (I): Defoe and the naturalization of desire -- Chapter 10 Parables of the younger son (II): Swift and the containment of desire -- Chapter 11 <br/>The institutionalization of conflict (I): Richardson and the domestication of service -- Chapter 12 The institutionalization of conflict (II): fielding and the instrumentality of belief. |
| 650 #7 - SUBJECT ADDED ENTRY--TOPICAL TERM | |
| Topical term or geographic name as entry element | English fiction |
| Chronological subdivision | Early modern, 1500-1700 |
| General subdivision | History and criticism. |
| Source of heading or term | BUEsh |
| 9 (RLIN) | 41331 |
| 650 #7 - SUBJECT ADDED ENTRY--TOPICAL TERM | |
| Topical term or geographic name as entry element | English fiction |
| Chronological subdivision | 18th century |
| General subdivision | History and criticism. |
| Source of heading or term | BUEsh |
| 9 (RLIN) | 41333 |
| 651 ## - SUBJECT ADDED ENTRY--GEOGRAPHIC NAME | |
| Source of heading or term | BUEsh |
| 653 ## - INDEX TERM--UNCONTROLLED | |
| Resource For college | Humanities: English |
| Arrived date list | July2016 |
| 653 ## - INDEX TERM--UNCONTROLLED | |
| Resource For college | Humanities: English |
| Arrived date list | October2016 |
| 653 ## - INDEX TERM--UNCONTROLLED | |
| Resource For college | Humanities: English |
| Arrived date list | March2020 |
| 942 ## - ADDED ENTRY ELEMENTS (KOHA) | |
| Source of classification or shelving scheme | Dewey Decimal Classification |
| Koha item type | Book - Borrowing |
| Withdrawn status | Lost status | Source of classification or shelving scheme | Damaged status | Not for loan | Collection code | Home library | Current library | Shelving location | Date acquired | Source of acquisition | Cost, normal purchase price | Serial Enumeration / chronology | Total Checkouts | Full call number | Barcode | Date last seen | Cost, replacement price | Koha item type | Public note | Total Renewals | Date checked out | Price effective from |
|---|---|---|---|---|---|---|---|---|---|---|---|---|---|---|---|---|---|---|---|---|---|---|
| Dewey Decimal Classification | Baccah | Central Library | Central Library | Second Floor | 17/07/2016 | Purchase | 423.00 | 25868 | 823.009 MCK | 000032875 | 15/07/2025 | 529.00 | NB - Book (Non borrowing) | Dr. Rania Khalil | ||||||||
| Dewey Decimal Classification | Baccah | Central Library | Central Library | Second Floor | 05/10/2016 | Purchase | 395.00 | 26103 | 2 | 823.009 MCK | 000033497 | 15/07/2025 | 494.00 | Book - Borrowing | 23 | 16/10/2018 | 05/10/2016 | |||||
| Dewey Decimal Classification | Baccah | Central Library | Central Library | Second Floor | 05/03/2020 | Purchase | 823.009 MCK | 000048894 | 15/07/2025 | Book - Borrowing | 05/03/2020 | |||||||||||
| Dewey Decimal Classification | Baccah | Central Library | Central Library | Second Floor | 19/05/2021 | Purchase | 760.00 | 823.009 MCK | 000050238 | 15/07/2025 | 950.00 | Book - Borrowing | 19/05/2021 | |||||||||
| Dewey Decimal Classification | Baccah | Central Library | Central Library | Second Floor | 19/05/2021 | Purchase | 760.00 | 823.009 MCK | 000050239 | 15/07/2025 | 950.00 | Book - Borrowing | 19/05/2021 |